000 00568nam a2200229Ia 4500
003 OSt
005 20220918200621.0
006 a|||||r|||| 00| 0
007 ta
008 220917b |||||||| |||| 00| 0 eng d
024 _a89,542
037 _cTextual
040 _aARTS
_cARTS
_beng
041 _2eng
_aeng
082 _aU5, K3 (UD)
100 _aPounds Norman J G
_994858
245 0 _aPolitical georgraphy
260 _c1963
650 _aGEOPOLITICS
_940978
942 _hU5, K3 (UD)
_cTEXL
_2CC
999 _c213212
_d213212